| 000 -LEADER |
| fixed length control field |
00644cam a2200181 a 4500 |
| 020 ## - INTERNATIONAL STANDARD BOOK NUMBER |
| ISBN |
9290580356 |
| 020 ## - INTERNATIONAL STANDARD BOOK NUMBER |
| ISBN |
9789290580355 |
| 040 ## - CATALOGING SOURCE |
| Transcribing agency |
DLC |
| 082 00 - DEWEY DECIMAL CLASSIFICATION NUMBER |
| Classification number |
633 JOH 1991 C162 Or. |
| 245 00 - TITLE STATEMENT |
| Title |
Mungbean : |
| Remainder of title |
proceedings of the second international symposium, Bangkok, Thailand, 16-20 November 1987 |
| 260 ## - PUBLICATION, DISTRIBUTION, ETC. (IMPRINT) |
| Place of publication |
Taipei : |
| Name of publisher |
Asian Vegetable Research and Development Center, |
| Year of publication |
[1988] |
| 300 ## - PHYSICAL DESCRIPTION |
| Number of Pages |
xviii, 730 p. : |
| Other physical details |
ill., maps ; |
| Dimensions |
26 cm |
| 500 ## - GENERAL NOTE |
| General note |
"December 1988." |
| 500 ## - GENERAL NOTE |
| General note |
Proceedings of: Second International Symposium on Mungbean |
| 650 #0 - SUBJECT ADDED ENTRY--TOPICAL TERM |
| Topical Term |
Mung bean |
| 710 2# - ADDED ENTRY--CORPORATE NAME |
| Corporate name or jurisdiction name as entry element |
Asian Vegetable Research and Development Center |
| 942 ## - ADDED ENTRY ELEMENTS (KOHA) |
| Koha item type |
ADB |
| 952 ## - LOCATION AND ITEM INFORMATION (KOHA) |
| Withdrawn status [LOCAL, KOHA] |
0 |